| Поле | Название | Значение |
| |
Тип записи |
g |
| |
Библиографический уровень |
m |
| 001 |
Контрольный номер |
RU/SLIB/B/255611857 |
| 005 |
Дата корректировки |
20201206204545.2 |
| 010 |
Индекс ISBN |
__ |
| d |
Цена |
140-00 |
| 101 |
Язык документа |
__ |
| a |
Язык текста |
rus |
| c |
Язык оригинала |
rus |
| 200 |
Заглавие и сведения об ответственности |
1_ |
| a |
Заглавие |
Дворцы Русского музея |
| e |
Сведения, относящиеся к заглавию |
[док. фильм] |
| f |
Первые сведения об ответственности |
[Гос. Рус. музей ; режиссер А. П. Кривонос] |
| b |
Общее обозначение материала |
Видеозапись |
| 210 |
Выходные данные |
__ |
| a |
Место издания |
[М.] |
| c |
Издательство |
Кордис & Медиа |
| c |
Издательство |
Квадрат Фильм |
| d |
Дата издания |
[2004] |
| 215 |
Физическое описание |
__ |
| a |
Объем |
1 электрон. опт. диск (DVD-Video) (56 мин.) |
| c |
Иллюстрации/тип воспроизводства |
Pal; цв. |
| 225 |
Серия |
__ |
| a |
Серия |
История русского живописного искусства |
| 225 |
Серия |
__ |
| a |
Серия |
Из коллекции Русского музея |
| 300 |
Общие примечания |
__ |
| a |
Общие примечания |
DVD-Video ; Dolby Digital |
| 330 |
Аннотация |
__ |
| a |
Аннотация |
Увлекательная экскурсия по дворцам крупнейшего в России Музея русского искусства: залы Михайловского дворца и Картинной галереи Строгановского дворца, секреты, долгие годы хранимые Мраморным дворцом и Инженерным замком. |
| 605 |
Заглавие как предмет |
__ |
| a |
Заглавие |
Михайловский дворец |
| 605 |
Заглавие как предмет |
__ |
| a |
Заглавие |
Мраморный дворец |
| 605 |
Заглавие как предмет |
__ |
| a |
Заглавие |
Строгановский дворец |
| 605 |
Заглавие как предмет |
__ |
| a |
Заглавие |
Инженерный замок |
| 606 |
Тематические рубрики |
__ |
| a |
Основная рубрика |
Изобразительное искусство и архитектура |
| 606 |
Тематические рубрики |
__ |
| a |
Основная рубрика |
История архитектуры |
| y |
Географическая подрубрика |
Россия; Санкт-Петербург; Петербург; Ленинград |
| 610 |
Ключевые слова |
__ |
| a |
Ключевые слова |
архитектурные памятники; исторические места; музеи; дворцы; замки; картинные галереи; живопись; музейные коллекции; памятники архитектуры; документальные фильмы |
| 686 |
Индексы других классификаций |
__ |
| a |
Классификационный индекс |
85.113(2-2Санкт-Петербург)я04 |
| 702 |
Вторичная интеллектуальная ответственность |
_1 |
| a |
Фамилия |
Кривонос |
| b |
Имя |
А. П. |
| 4 |
Код отношения |
Автор |
| 801 |
Источник записи |
_0 |
| a |
Страна |
RU |
| b |
Организация |
Муниципальное бюджетное учреждение культуры "Централизованная библиотечная система" г. Сургут (Центральная городская библиотека им. А. С. Пушкина) |
| g |
Правила каталогизации |
КиК/Дорошева |
| 801 |
Источник записи |
_1 |
| a |
Страна |
RU |
| b |
Организация |
Муниципальное бюджетное учреждение культуры "Централизованная библиотечная система" г. Сургут (Центральная городская библиотека им. А. С. Пушкина) |
| g |
Правила каталогизации |
КиК/Дорошева |
| 852 |
Данные о местонахождении |
__ |
| j |
Шифр хранения |
85.113(2-2Санкт-Петербург)я04 |
| c |
Каталожный индекс |
85.113(2-2Санкт-Петербург)я04 |
| i |
Авторский знак |
Д 24 |
| 901 |
Тип документа |
__ |
| t |
Тип документа |
0 |
| 903 |
Характеристики (МАРС) |
__ |
| a |
Дата передачи |
20081226; 20080318 |
| 990 |
Данные о заказе (DOS) |
__ |
| j |
Количество экземпляров (DOS) |
1 |
| h |
N записи в КСУ для Б/У (DOS) |
200803 |